[Event "40th Olympiad Open"]
[Site "Istanbul TUR"]
[Date "2012.09.01"]
[Round "5.1"]
[White "Eljanov, Pavel"]
[Black "Sargissian, Gabriel"]
[Result "1/2-1/2"]
[WhiteTitle "GM"]
[BlackTitle "GM"]
[WhiteElo "2693"]
[BlackElo "2693"]
[WhiteTeam "Ukraine"]
[BlackTeam "Armenia"]
[WhiteFideId "14102951"]
[BlackFideId "13300881"]
[EventDate "2012.08.28"]

1. d4 d5 2. c4 e6 3. Nc3 Be7 4. Bf4 Nf6 5. e3 O-O 6. Qc2 c5 7. dxc5 Na6 8. Nf3
Nxc5 9. Be2 dxc4 10. Bxc4 Bd7 11. O-O Qb6 12. Ne5 Rac8 13. Be2 Rfd8 14. Rfd1 Be8
15. Nc4 Qc6 16. Ne5 Qb6 17. Nc4 Qc6 18. Rxd8 Rxd8 19. b4 Ncd7 20. Qb3 Nb6 21. b5
Qc5 22. Nxb6 Qxb6 23. a4 Qc5 24. Rd1 Rc8 25. Na2 Qc2 26. Nc1 Nd5 27. Be5 b6 28.
Bd3 Qxb3 29. Nxb3 f6 30. Bb2 Nb4 31. Be4 e5 32. Bf5 Rc7 33. Be6+ Bf7 34. Bxf7+
Kxf7 35. Kf1 Rc2 36. Rd2 Rxd2 37. Nxd2 Nd3 38. Bc3 Ke6 39. e4 Nc5 40. a5 bxa5
41. Bxa5 Nb7 42. Nc4 Nd6 1/2-1/2

[Event "40th Olympiad Open"]
[Site "Istanbul TUR"]
[Date "2012.09.01"]
[Round "5.3"]
[White "Blagojevic, Dragisa"]
[Black "Meier, Georg"]
[Result "1/2-1/2"]
[WhiteTitle "GM"]
[BlackTitle "GM"]
[WhiteElo "2514"]
[BlackElo "2648"]
[WhiteTeam "Montenegro"]
[BlackTeam "Germany"]
[WhiteFideId "900885"]
[BlackFideId "4675789"]
[EventDate "2012.08.28"]

1. d4 Nf6 2. c4 e6 3. Nf3 d5 4. g3 Bb4+ 5. Nc3 dxc4 6. Bg2 Nc6 7. a3 Bxc3+ 8.
bxc3 O-O 9. O-O Bd7 10. a4 Re8 11. Bg5 h6 12. Bxf6 Qxf6 13. Ne5 Nxe5 14. dxe5
Qe7 15. Qd4 Red8 16. Qxc4 c6 17. Rfd1 Be8 18. Rd4 c5 19. Rd6 Rxd6 20. exd6 Qxd6
21. Bxb7 Rb8 22. Be4 a5 23. f3 g5 24. Kf2 Kg7 25. Rh1 f5 26. Bd3 Bf7 27. Qa6
Qxa6 28. Bxa6 Rb3 29. c4 e5 30. Rd1 Rb4 31. Rd7 Kf6 32. Rc7 Bxc4 33. Rxc5 Bxa6
34. Rc6+ Kg7 35. Rxa6 Rxa4 36. g4 fxg4 37. fxg4 Rxg4 38. Rxa5 Rh4 39. Kg3 Kf6
40. h3 Kf5 41. Ra3 Re4 42. Kf2 Rf4+ 43. Kg2 Ke4 44. Rb3 Rf6 45. Rc3 Rd6 46. Ra3
h5 47. Rg3 Rg6 48. Kf2 g4 49. hxg4 Rxg4 50. Ra3 h4 51. Rb3 Kf4 52. Rb8 Rg5 53.
Rh8 Kg4 54. Kg2 Rf5 55. Rg8+ Kf4 56. Rh8 Ke3 57. Rxh4 e4 58. Kg1 Rc5 59. Kg2 Rc1
60. Rg4 Re1 61. Rg3+ Kxe2 62. Ra3 Rd1 63. Ra2+ Rd2 64. Ra1 Rc2 65. Kg3 e3 66.
Kg2 Rb2 67. Kg3 Rd2 68. Kg2 Rc2 69. Kg3 Kd3 70. Rd1+ Ke4 71. Ra1 Rb2 72. Ra3 Kd4
73. Ra1 Kd3 74. Kf3 Kd2 75. Kg2 Ke2 76. Kg3 Rc2 77. Kg2 Rd2 78. Kg3 Rd1 79. Ra2+
Kd3 80. Ra3+ Ke4 81. Ra4+ Rd4 82. Ra1 Rb4 83. Kg2 Kf4 84. Ra8 Rb2+ 1/2-1/2

[Event "40th Olympiad Open"]
[Site "Istanbul TUR"]
[Date "2012.09.01"]
[Round "5.3"]
[White "Kosic, Dragan"]
[Black "Gustafsson, Jan"]
[Result "1/2-1/2"]
[WhiteTitle "GM"]
[BlackTitle "GM"]
[WhiteElo "2526"]
[BlackElo "2610"]
[WhiteTeam "Montenegro"]
[BlackTeam "Germany"]
[WhiteFideId "900290"]
[BlackFideId "4625498"]
[EventDate "2012.08.28"]

1. d4 Nf6 2. Nf3 d5 3. c4 c6 4. e3 Bf5 5. Nc3 a6 6. Bd2 e6 7. Nh4 Bg4 8. Qb3 b5
9. cxd5 exd5 10. Nf3 Nbd7 11. Be2 Bd6 12. h3 Bf5 13. Nh4 Be6 14. Qc2 g6 15. Bd3
c5 16. dxc5 Nxc5 17. Nf3 Rc8 18. a3 Nfe4 19. O-O O-O 20. Rac1 Nxd2 21. Nxd2 Qf6
22. Qb1 Rfd8 23. Be2 Bb8 24. Nf3 Bf5 25. Qa2 Be6 26. Qb1 Bf5 27. Qa2 Be6 28. Qb1
Bf5 29. Qa2 Be6 30. Qb1 Bf5 31. Qa2 1/2-1/2

[Event "40th Olympiad Open"]
[Site "Istanbul TUR"]
[Date "2012.09.01"]
[Round "5.4"]
[White "Edouard, Romain"]
[Black "Stevic, Hrvoje"]
[Result "1/2-1/2"]
[WhiteTitle "GM"]
[BlackTitle "GM"]
[WhiteElo "2652"]
[BlackElo "2614"]
[WhiteTeam "France"]
[BlackTeam "Croatia"]
[WhiteFideId "633429"]
[BlackFideId "14502569"]
[EventDate "2012.08.28"]

1. d4 d5 2. c4 dxc4 3. e4 Nf6 4. e5 Nd5 5. Bxc4 Nb6 6. Bd3 Nc6 7. Ne2 Bg4 8. f3
Be6 9. Nbc3 Qd7 10. Ne4 Bd5 11. Nc5 Qc8 12. Bd2 Nc4 13. Qc2 Nxd2 14. Qxd2 e6 15.
Rc1 Bxc5 16. Rxc5 Qd8 17. b4 O-O 18. O-O Ne7 19. Bb1 c6 20. Qd3 g6 21. Nf4 a5
22. bxa5 Rxa5 23. Rxa5 Qxa5 24. Rf2 Qe1+ 25. Rf1 Qa5 26. Rf2 Qe1+ 27. Rf1 1/2-1/2

[Event "40th Olympiad Open"]
[Site "Istanbul TUR"]
[Date "2012.09.01"]
[Round "5.4"]
[White "Brkic, Ante"]
[Black "Tkachiev, Vladislav"]
[Result "1/2-1/2"]
[WhiteTitle "GM"]
[BlackTitle "GM"]
[WhiteElo "2587"]
[BlackElo "2644"]
[WhiteTeam "Croatia"]
[BlackTeam "France"]
[WhiteFideId "14506688"]
[BlackFideId "618438"]
[EventDate "2012.08.28"]

1. e4 e5 2. Nf3 Nc6 3. Bc4 Bc5 4. b4 Bxb4 5. c3 Be7 6. d4 Na5 7. Be2 d6 8. Qa4+
c6 9. dxe5 dxe5 10. Nxe5 Nf6 11. O-O b5 12. Qc2 Qc7 13. Nf3 O-O 14. a4 a6 15.
Nbd2 Bg4 16. Ba3 Bxa3 17. Rxa3 Rae8 18. Re1 Bh5 19. Bf1 Nb7 20. axb5 axb5 21.
Nd4 Nc5 22. f3 Nfd7 23. Raa1 Ra8 24. N2b3 f6 25. Nxc5 Nxc5 26. Nb3 Qe7 27. Nd4
Qc7 28. Nb3 Na4 29. c4 b4 30. Qd2 c5 31. Qe3 Bf7 32. Ra2 Nc3 33. Rxa8 Rxa8 34.
Qxc5 Qxc5+ 35. Nxc5 Rc8 36. Nb3 Bxc4 37. Bxc4+ Rxc4 38. Kf2 Kf7 39. Ra1 Rc7 40.
Ra6 Nd1+ 41. Ke2 Nb2 42. Nd4 Rd7 43. Ra2 Nc4 44. Nb3 Ne5 45. Ra4 Nd3 46. g3 g5
47. Ra5 Ne5 48. f4 gxf4 49. gxf4 Nd3 50. Ke3 Nb2 51. Rd5 Nd1+ 52. Kd4 Re7 53. e5
Nc3 54. Rd8 fxe5+ 1/2-1/2

[Event "40th Olympiad Open"]
[Site "Istanbul TUR"]
[Date "2012.09.01"]
[Round "5.5"]
[White "Babula, Vlastimil"]
[Black "Robson, Ray"]
[Result "1/2-1/2"]
[WhiteTitle "GM"]
[BlackTitle "GM"]
[WhiteElo "2595"]
[BlackElo "2598"]
[WhiteTeam "Czech Republic"]
[BlackTeam "United States Of America"]
[WhiteFideId "301264"]
[BlackFideId "2023970"]
[EventDate "2012.08.28"]

1. d4 Nf6 2. c4 g6 3. Nc3 d5 4. Bg5 Ne4 5. h4 Nxg5 6. hxg5 dxc4 7. e3 Bg7 8.
Bxc4 c5 9. dxc5 Qa5 10. Rc1 O-O 11. Nf3 Nc6 12. O-O Qxc5 13. Qa4 Ne5 14. Be2
Nxf3+ 15. Bxf3 Qxg5 16. Rfd1 a6 17. Nd5 Bxb2 18. Rc7 Bf6 19. Nb6 Rb8 20. Rxc8
Rfxc8 21. Nxc8 Rxc8 22. Bxb7 Rc3 23. Bxa6 Qc5 24. Bd3 Rc1 25. Rxc1 Qxc1+ 26. Bf1
Kg7 27. Qc4 Qxc4 28. Bxc4 Bc3 29. a4 Kf6 30. f4 e5 31. Kf2 1/2-1/2

[Event "40th Olympiad Open"]
[Site "Istanbul TUR"]
[Date "2012.09.01"]
[Round "5.6"]
[White "Noritsyn, Nikolay"]
[Black "Mamedov, Rauf"]
[Result "0-1"]
[WhiteTitle "IM"]
[BlackTitle "GM"]
[WhiteElo "2472"]
[BlackElo "2634"]
[WhiteTeam "Canada"]
[BlackTeam "Azerbaijan"]
[WhiteFideId "2604922"]
[BlackFideId "13401653"]
[EventDate "2012.08.28"]

1. d4 Nf6 2. c4 g6 3. Nc3 Bg7 4. g3 O-O 5. Bg2 d6 6. Nf3 Nbd7 7. O-O e5 8. e4 a6
9. h3 exd4 10. Nxd4 Rb8 11. Bf4 Re8 12. Re1 Ne5 13. Qe2 c5 14. Nc2 Nh5 15. Bd2
b5 16. cxb5 axb5 17. Nxb5 c4 18. Nbd4 Bb7 19. Bc3 Nd3 20. Ne3 Nxe1 21. Rxe1 Nf6
22. e5 Ne4 23. Qxc4 Bxe5 24. Bxe4 Bxe4 25. Ng4 Bg7 26. Rd1 Rc8 27. Qb5 h5 28.
Ne3 Ba8 29. h4 Re5 30. Qa6 Qd7 31. Kh2 Bb7 32. Qb6 Qe7 33. Nb5 Re4 34. Nd5 Rxh4+
35. gxh4 Qxh4+ 36. Kg1 Qg4+ 37. Kh2 Qh4+ 38. Kg1 Qg5+ 39. Kf1 Bxd5 40. Nxd6 Rc6
41. Qb8+ Bf8 42. Ne4 Bxe4 43. Rd8 Bg2+ 44. Ke2 Qe7+ 45. Kd2 Rd6+ 46. Rxd6 Qxd6+
47. Qxd6 Bxd6 48. Bf6 Bf4+ 49. Ke2 Bd5 50. a4 g5 0-1

[Event "40th Olympiad Open"]
[Site "Istanbul TUR"]
[Date "2012.09.01"]
[Round "5.7"]
[White "Pert, Nicholas"]
[Black "Gupta, Abhijeet"]
[Result "1/2-1/2"]
[WhiteTitle "GM"]
[BlackTitle "GM"]
[WhiteElo "2555"]
[BlackElo "2637"]
[WhiteTeam "England"]
[BlackTeam "India"]
[WhiteFideId "403989"]
[BlackFideId "5010608"]
[EventDate "2012.08.28"]

1. Nf3 Nf6 2. g3 g6 3. Bg2 Bg7 4. c4 c6 5. O-O O-O 6. b3 d5 7. Bb2 Nbd7 8. d4
Ne4 9. Nbd2 Ndf6 10. Ne5 Bf5 11. f3 Nxd2 12. Qxd2 Nd7 13. cxd5 cxd5 14. Rac1 Qb6
15. e3 Rac8 16. g4 Nxe5 17. dxe5 Bd7 18. h3 Rxc1 19. Rxc1 Rc8 20. Rxc8+ Bxc8 21.
f4 e6 22. Bd4 Qc7 23. Qc3 Qxc3 24. Bxc3 Bf8 25. Bd4 b6 26. e4 dxe4 27. Bxe4 Be7
28. Kf2 Ba6 29. Bc3 Kf8 30. a4 Bc5+ 31. Kf3 Bf1 32. b4 Bg1 33. h4 h5 34. gxh5
gxh5 35. f5 Bh3 36. f6 Bg4+ 37. Kg3 Be3 38. Bf3 Bxf3 39. Kxf3 Bc1 40. b5 Ke8 41.
Be1 Kd7 42. Ke4 Ke8 43. Bf2 Bd2 44. Kd3 Bb4 45. Ke4 Bd2 46. Kd3 Bb4 47. Ke4 Bd2 1/2-1/2

[Event "40th Olympiad Open"]
[Site "Istanbul TUR"]
[Date "2012.09.01"]
[Round "5.8"]
[White "Flores, Diego"]
[Black "Socko, Bartosz"]
[Result "1/2-1/2"]
[WhiteTitle "GM"]
[BlackTitle "GM"]
[WhiteElo "2589"]
[BlackElo "2635"]
[WhiteTeam "Argentina"]
[BlackTeam "Poland"]
[WhiteFideId "108049"]
[BlackFideId "1107038"]
[EventDate "2012.08.28"]

1. c4 e5 2. Nc3 Nf6 3. Nf3 Nc6 4. g3 Bb4 5. Bg2 O-O 6. Nd5 e4 7. Nh4 Bc5 8. O-O
Re8 9. d3 exd3 10. Qxd3 Ne5 11. Qc3 c6 12. Nxf6+ Qxf6 13. Kh1 d6 14. b3 Bg4 15.
f3 Bd7 16. e4 g5 17. Bxg5 Qxg5 18. f4 Qg7 19. fxe5 Qxe5 20. Qd2 a5 21. Rad1 Bg4
22. Rb1 Bb4 23. Qh6 Re6 24. Qe3 Bc5 25. Qd2 Bb4 26. Qe3 Bc5 27. Qd2 Bb4 28. Qe3
Bc5 29. Qd2 Bb4 30. Qe3 Bc5 1/2-1/2

[Event "40th Olympiad Open"]
[Site "Istanbul TUR"]
[Date "2012.09.01"]
[Round "5.8"]
[White "Swiercz, Dariusz"]
[Black "Felgaer, Ruben"]
[Result "1/2-1/2"]
[WhiteTitle "GM"]
[BlackTitle "GM"]
[WhiteElo "2594"]
[BlackElo "2570"]
[WhiteTeam "Poland"]
[BlackTeam "Argentina"]
[WhiteFideId "1126881"]
[BlackFideId "107069"]
[EventDate "2012.08.28"]

1. d4 d5 2. c4 c6 3. Nc3 dxc4 4. e4 b5 5. a4 b4 6. Na2 Nf6 7. e5 Nd5 8. Bxc4 e6
9. Nf3 Ba6 10. Bxa6 Nxa6 11. O-O Be7 12. Bd2 O-O 13. Qe2 Qb6 14. Nc1 c5 15. Nb3
Rac8 16. Rfc1 Rfd8 17. a5 Qb7 18. Rc4 cxd4 19. Nfxd4 Rxc4 20. Qxc4 Rc8 21. Qd3
Nc5 22. Nxc5 Bxc5 23. Nb3 a6 24. Rc1 Bf8 25. Re1 Ne7 26. Be3 Nd5 27. Bd4 Nf4 28.
Qe4 Qxe4 29. Rxe4 Nd3 30. Kf1 Rc2 31. Re2 Rc4 32. Rd2 Nc1 33. Nxc1 Rxc1+ 34. Ke2
g5 35. Be3 Kg7 36. Bxg5 Kg6 37. Be3 Bc5 38. Kd3 Bxe3 39. Kxe3 Rc5 40. Rd4 Rxe5+
41. Kd3 1/2-1/2

[Event "40th Olympiad Open"]
[Site "Istanbul TUR"]
[Date "2012.09.01"]
[Round "5.8"]
[White "Mareco, Sandro"]
[Black "Macieja, Bartlomiej"]
[Result "0-1"]
[WhiteTitle "GM"]
[BlackTitle "GM"]
[WhiteElo "2589"]
[BlackElo "2594"]
[WhiteTeam "Argentina"]
[BlackTeam "Poland"]
[WhiteFideId "112275"]
[BlackFideId "1104306"]
[EventDate "2012.08.28"]

1. c4 e5 2. Nc3 Nf6 3. Nf3 Nc6 4. e3 Be7 5. Be2 O-O 6. O-O d5 7. cxd5 Nxd5 8. d3
Be6 9. a3 a5 10. Qc2 f5 11. Rd1 Kh8 12. Rb1 Bd6 13. Nd2 Qg5 14. Re1 Nf6 15. Nb5
a4 16. Nc4 f4 17. Bf3 Bd5 18. Nbxd6 cxd6 19. exf4 exf4 20. Bxd5 Nxd5 21. Re4 Rf6
22. Qe2 Raf8 23. Bd2 b5 24. f3 bxc4 25. dxc4 Ne3 26. Bxe3 fxe3 27. Qxe3 Qxe3+
28. Rxe3 Kg8 29. Rd1 Rb8 30. Rd5 Rxb2 31. Red3 Ne5 32. Rc3 Rg6 33. g3 Rb3 34.
Rxb3 axb3 35. Rb5 Nxf3+ 36. Kf2 Nd2 0-1

[Event "40th Olympiad Open"]
[Site "Istanbul TUR"]
[Date "2012.09.01"]
[Round "5.9"]
[White "Bu, Xiangzhi"]
[Black "Idani, Pouya"]
[Result "1/2-1/2"]
[WhiteTitle "GM"]
[BlackTitle "IM"]
[WhiteElo "2670"]
[BlackElo "2477"]
[WhiteTeam "China"]
[BlackTeam "Iran"]
[WhiteFideId "8601445"]
[BlackFideId "12510130"]
[EventDate "2012.08.28"]

1. c4 c5 2. Nf3 Nc6 3. Nc3 g6 4. e3 Nf6 5. d4 cxd4 6. exd4 d5 7. cxd5 Nxd5 8.
Qb3 Nxc3 9. Bc4 Nd5 10. Bxd5 e6 11. Bxc6+ bxc6 12. O-O Qd5 13. Qa4 Qb5 14. Qc2
Bg7 15. Bf4 O-O 16. Rac1 Rd8 17. Qc3 Bb7 18. Qe3 Qd5 19. Rc5 Qxa2 20. Bh6 Rd5
21. Bxg7 Kxg7 22. b3 Ba6 23. Re1 Rad8 24. h4 h5 25. Qf4 Qxb3 26. Ne5 Qb7 27.
Rxd5 Rxd5 28. Re3 Qb1+ 29. Kh2 Qf5 30. Qxf5 gxf5 31. Ra3 Bb5 32. Rxa7 c5 33.
Rxf7+ Kg8 34. Re7 cxd4 35. Rxe6 d3 36. Nxd3 Bxd3 37. Kg3 Rd4 38. f3 Kg7 39. Rb6
f4+ 40. Kh2 Bf5 41. Ra6 Kf7 42. Rb6 Be6 43. Rb5 Bd5 44. Rb6 Ke7 45. Rh6 Bf7 46.
Ra6 Rb4 47. Kg1 Rb1+ 48. Kh2 Be8 49. Rh6 Rb2 50. Kg1 Rc2 51. Rb6 Rc6 52. Rb4 Rf6
53. Re4+ Kf7 54. Re5 Kf8 55. Ra5 Bf7 56. Re5 Bg6 57. Ra5 Rf5 58. Ra7 Ke8 59. Kh2
Bf7 60. Kg1 Be6 61. Kh2 Bd7 62. Ra6 Ke7 63. Rb6 Be6 64. Ra6 Kf6 65. Ra4 Bd7 66.
Rd4 Bb5 67. Kg1 Ke5 68. Re4+ Kd5 69. Kh2 Bd3 70. Ra4 Kc5 71. Kg1 Bc4 72. Ra8 Kd4
73. Rd8+ Kc3 74. Kf2 Bd3 75. Rd6 Kd2 76. Rd4 Rf6 77. Ra4 Rf5 78. Rd4 Kc3 79. Rd6
Re5 80. Rf6 Re2+ 81. Kg1 Re1+ 82. Kh2 Bf1 83. Kg1 Bd3+ 84. Kh2 Kd2 85. Rxf4 Ke3
86. Kg3 1/2-1/2

[Event "40th Olympiad Open"]
[Site "Istanbul TUR"]
[Date "2012.09.01"]
[Round "5.10"]
[White "Vallejo Pons, Francisco"]
[Black "Bachmann, Axel"]
[Result "1-0"]
[WhiteTitle "GM"]
[BlackTitle "GM"]
[WhiteElo "2697"]
[BlackElo "2533"]
[WhiteTeam "Spain"]
[BlackTeam "Paraguay"]
[WhiteFideId "2205530"]
[BlackFideId "3700488"]
[EventDate "2012.08.28"]

1. e4 e5 2. Nf3 Nc6 3. Bb5 Bc5 4. c3 Nf6 5. d4 exd4 6. e5 Ne4 7. cxd4 Bb4+ 8.
Nbd2 O-O 9. O-O Nxd2 10. Bxd2 Bxd2 11. Qxd2 d6 12. Bxc6 bxc6 13. Qc3 Rb8 14. b3
Rb6 15. Nd2 Be6 16. f4 Bd5 17. Nc4 Rb5 18. Ne3 Be4 19. Rae1 f5 20. Nd1 a5 21.
Nf2 Bd5 22. Nd3 Qa8 23. Rf2 Rfb8 24. Rfe2 a4 25. b4 a3 26. h3 Be4 27. Kh2 d5 28.
Re3 g6 29. Qc1 R8b6 30. Nc5 Rxb4 31. Rxa3 Qc8 32. Qe3 Rb2 33. Re2 Qb8 34. Rb3
R6xb3 35. axb3 Rb1 36. Re1 Rb2 37. Re2 Rb1 38. Qf2 Qb5 39. Re1 Qb8 40. Nxe4 1-0

[Event "40th Olympiad Open"]
[Site "Istanbul TUR"]
[Date "2012.09.01"]
[Round "5.10"]
[White "Cubas, Jose Fernando"]
[Black "Illescas Cordoba, Miguel"]
[Result "0-1"]
[WhiteTitle "GM"]
[BlackTitle "GM"]
[WhiteElo "2507"]
[BlackElo "2601"]
[WhiteTeam "Paraguay"]
[BlackTeam "Spain"]
[WhiteFideId "3700267"]
[BlackFideId "2200015"]
[EventDate "2012.08.28"]

1. e4 c6 2. d4 d5 3. e5 c5 4. dxc5 Nc6 5. Nf3 Bg4 6. Nbd2 e6 7. Nb3 Bxc5 8. Nxc5
Qa5+ 9. c3 Qxc5 10. Be3 Qe7 11. Bb5 Qc7 12. Qa4 Bxf3 13. gxf3 Ne7 14. f4 O-O 15.
Bc5 Rfc8 16. O-O-O Nf5 17. Bd3 Nce7 18. Bxe7 Nxe7 19. Rhg1 b5 20. Qc2 b4 21.
Bxh7+ Kf8 22. Rd3 Qc4 23. Rd4 Qxd4 24. cxd4 g6 25. Kd2 Rxc2+ 26. Kxc2 Rc8+ 27.
Kd3 Ra8 0-1

[Event "40th Olympiad Open"]
[Site "Istanbul TUR"]
[Date "2012.09.01"]
[Round "5.10"]
[White "Korneev, Oleg"]
[Black "Latorre, Manuel"]
[Result "1-0"]
[WhiteTitle "GM"]
[BlackTitle "FM"]
[WhiteElo "2581"]
[BlackElo "2303"]
[WhiteTeam "Spain"]
[BlackTeam "Paraguay"]
[WhiteFideId "4156803"]
[BlackFideId "3700844"]
[EventDate "2012.08.28"]

1. e4 c5 2. c3 d5 3. exd5 Qxd5 4. d4 g6 5. Nf3 Bg7 6. Na3 cxd4 7. Bc4 Qe4+ 8.
Be3 Nh6 9. cxd4 O-O 10. Nb5 Na6 11. Nc3 Qc6 12. Bd5 Qb6 13. Bb3 Nf5 14. O-O Be6
15. Bxe6 Qxe6 16. d5 Qd7 17. Bf4 Nd6 18. Re1 Nc5 19. Be5 Rac8 20. Bxg7 Kxg7 21.
Qd4+ Kg8 22. Ne5 Qd8 23. Ng4 Nf5 24. Qd2 Nd7 25. Ne4 Qb6 26. Ng3 Nxg3 27. hxg3
Nf6 28. Nxf6+ Qxf6 29. Re4 Rfd8 30. Rf4 Qg5 31. Qb4 Qxd5 32. Qxe7 Re8 33. Qa3 a6
34. Qf3 Qxf3 35. Rxf3 Rc2 36. b3 b5 37. a4 b4 38. Rd1 Rb2 39. g4 Re7 40. Rd6
Re1+ 41. Kh2 Reb1 42. Rd8+ Kg7 43. Rd7 Rxb3 44. Rfxf7+ Kg8 45. Rg7+ Kf8 46.
Rdf7+ Ke8 47. Ra7 Kf8 48. Rxh7 Rh1+ 1-0

[Event "40th Olympiad Open"]
[Site "Istanbul TUR"]
[Date "2012.09.01"]
[Round "5.10"]
[White "Vazquez, Guillermo"]
[Black "Perez Candelario, Manuel"]
[Result "1/2-1/2"]
[WhiteTitle "FM"]
[BlackTitle "GM"]
[WhiteElo "2323"]
[BlackElo "2575"]
[WhiteTeam "Paraguay"]
[BlackTeam "Spain"]
[WhiteFideId "3702308"]
[BlackFideId "2210622"]
[EventDate "2012.08.28"]

1. e4 c5 2. Nf3 e6 3. d4 cxd4 4. Nxd4 a6 5. Nc3 Qc7 6. g3 Nc6 7. Bg2 Nf6 8. O-O
d6 9. a4 Be7 10. b3 O-O 11. Bb2 Bd7 12. Nce2 e5 13. Nxc6 bxc6 14. a5 Be6 15. c4
Rab8 16. Qc2 Nd7 17. Nc1 Rb7 18. Nd3 c5 19. f4 f6 20. f5 Bf7 21. Bf3 Nb8 22. Bd1
Nc6 23. Qd2 Rfb8 24. Bc3 Qd8 25. Bc2 g6 26. Nb2 Qf8 27. Nd1 Nd4 28. Bxd4 exd4
29. fxg6 hxg6 30. Nf2 Be6 31. Nd3 g5 32. e5 Qg7 33. exf6 Bxf6 34. Rae1 Bh3 35.
Rf3 Bg4 36. Rff1 Bh3 37. Rf3 Bg4 38. Rff1 Bh3 39. Rf3 Bg4 1/2-1/2

[Event "40th Olympiad Open"]
[Site "Istanbul TUR"]
[Date "2012.09.01"]
[Round "5.11"]
[White "Vera Siguenas, Deivy"]
[Black "Georgiev, Kiril"]
[Result "1-0"]
[WhiteTitle "FM"]
[BlackTitle "GM"]
[WhiteElo "2359"]
[BlackElo "2682"]
[WhiteTeam "Peru"]
[BlackTeam "Bulgaria"]
[WhiteFideId "3804623"]
[BlackFideId "2900017"]
[EventDate "2012.08.28"]

1. e4 c5 2. Nf3 d6 3. d4 cxd4 4. Nxd4 Nf6 5. Nc3 a6 6. Be3 e5 7. Nb3 Be6 8. f3
h5 9. Qd2 Nbd7 10. Nd5 Nxd5 11. exd5 Bf5 12. Be2 Be7 13. O-O O-O 14. Na5 Qc7 15.
c4 Bf6 16. Rac1 Rfe8 17. b4 b6 18. Nc6 a5 19. bxa5 bxa5 20. Bd3 e4 21. Bc2 Bg6
22. f4 a4 23. Rb1 Nc5 24. Qf2 Nd3 25. Bxd3 exd3 26. f5 Bh7 27. Qf3 Qc8 28. Bd2
Re2 29. Qxd3 Qe8 30. Rbe1 Rxe1 31. Bxe1 h4 32. Bc3 Bg5 33. Bd2 Bf6 34. Bc3 Bg5
35. Re1 Qd7 36. g4 Re8 37. Re4 Kh8 38. Qe2 Ra8 39. Qb2 a3 40. Qe2 Qb7 41. Re8+
Bg8 42. Rxa8 Qxa8 43. Bb4 Qb7 44. Kg2 Bf4 45. Qf2 Bg5 46. Qa7 Qc8 47. Bxd6 Qe8
48. Be7 f6 49. Qxa3 Qd7 50. Bd6 Qb7 51. Bb4 Qd7 52. Qf3 Qb7 53. a3 Qa6 54. d6
Qb7 55. Ne5 Qb6 56. Ng6+ Kh7 57. Nf8+ Kh8 58. Ne6 Qa7 59. c5 Bf7 60. Nc7 Kh7 61.
Qa8 Qxa8+ 62. Nxa8 Bd5+ 63. Kf2 Bc6 64. Nb6 Bf4 65. d7 Bc7 66. a4 Kg8 67. a5 Kf7
68. a6 Ke7 69. a7 Kd8 70. a8=Q+ Bxa8 71. Nxa8 1-0

[Event "40th Olympiad Open"]
[Site "Istanbul TUR"]
[Date "2012.09.01"]
[Round "5.11"]
[White "Cheparinov, Ivan"]
[Black "Leiva, Giuseppe"]
[Result "1-0"]
[WhiteTitle "GM"]
[BlackTitle "FM"]
[WhiteElo "2681"]
[BlackElo "2283"]
[WhiteTeam "Bulgaria"]
[BlackTeam "Peru"]
[WhiteFideId "2905540"]
[BlackFideId "3804399"]
[EventDate "2012.08.28"]

1. e4 c5 2. Nf3 d6 3. d4 cxd4 4. Nxd4 Nf6 5. Nc3 a6 6. Bg5 Nbd7 7. Bc4 h6 8. Bh4
Qc7 9. Bb3 e6 10. Qe2 Nc5 11. Bxf6 gxf6 12. O-O-O h5 13. Kb1 Bd7 14. f4 O-O-O
15. f5 Be7 16. fxe6 fxe6 17. Nxe6 Bxe6 18. Bxe6+ Nxe6 19. Nd5 Qc5 20. Nxe7+ Kb8
21. Rhf1 Rhe8 22. Nd5 Nc7 23. Nxf6 Re5 24. Rf3 Ka8 25. Rc3 Qa5 26. Rcd3 d5 27.
Qd2 Qb6 28. Nxd5 Nxd5 29. Rxd5 Rde8 30. Rxe5 1-0

[Event "40th Olympiad Open"]
[Site "Istanbul TUR"]
[Date "2012.09.01"]
[Round "5.11"]
[White "Pacheco, Marco"]
[Black "Delchev, Aleksander"]
[Result "1/2-1/2"]
[WhiteTitle "FM"]
[BlackTitle "GM"]
[WhiteElo "2383"]
[BlackElo "2596"]
[WhiteTeam "Peru"]
[BlackTeam "Bulgaria"]
[WhiteFideId "3800989"]
[BlackFideId "2900394"]
[EventDate "2012.08.28"]

1. d4 d5 2. c4 e6 3. Nf3 c6 4. Nbd2 Nf6 5. g3 c5 6. Bg2 Nc6 7. O-O cxd4 8. cxd5
exd5 9. Nb3 Bd6 10. Nbxd4 O-O 11. b3 Bg4 12. Bb2 Rc8 13. e3 Re8 14. Rc1 Ne4 15.
h3 Bd7 16. Nb5 Bf8 17. Nc3 Nxc3 18. Rxc3 Bf5 19. Nd4 Be4 20. Bxe4 Rxe4 21. Nf3
Rc7 22. Kg2 Rd7 23. Rc1 Re6 24. a3 a6 25. Qd3 Be7 26. Rfd1 h6 27. Rc2 Bf6 28.
Bxf6 Rxf6 29. Nd4 Qe7 30. Nxc6 1/2-1/2

[Event "40th Olympiad Open"]
[Site "Istanbul TUR"]
[Date "2012.09.01"]
[Round "5.12"]
[White "Collins, Sam E."]
[Black "Sutovsky, Emil"]
[Result "0-1"]
[WhiteTitle "IM"]
[BlackTitle "GM"]
[WhiteElo "2459"]
[BlackElo "2687"]
[WhiteTeam "Ireland"]
[BlackTeam "Israel"]
[WhiteFideId "2501198"]
[BlackFideId "2802007"]
[EventDate "2012.08.28"]

1. e4 e5 2. Nf3 Nc6 3. Bb5 Nf6 4. Nc3 Bd6 5. O-O O-O 6. Re1 Re8 7. Bc4 h6 8. a4
Nd4 9. Nd5 Nh7 10. c3 Nxf3+ 11. Qxf3 c6 12. Ne3 Ng5 13. Qg3 Bc7 14. f3 Ne6 15.
d3 d5 16. exd5 Nf4 17. Ng4 cxd5 18. Bb5 Re6 19. d4 Nh5 20. Qf2 exd4 21. cxd4
Rxe1+ 22. Qxe1 Bxg4 23. fxg4 Nf6 24. Qd1 Ne4 25. g3 Qe7 26. Ra3 a6 27. Be2 Re8
28. Bf3 Qb4 29. Rb3 Qxa4 30. Rxb7 Qxd1+ 31. Bxd1 Nd6 32. Rxc7 Re1+ 33. Kg2 Rxd1
34. Bf4 Nb5 35. Rc8+ Kh7 36. Rf8 f6 37. Ra8 Rb1 38. Rxa6 Rxb2+ 39. Kf1 Rxh2 40.
Rb6 Nxd4 41. Rd6 Ne2 0-1

[Event "40th Olympiad Open"]
[Site "Istanbul TUR"]
[Date "2012.09.01"]
[Round "5.12"]
[White "Griffiths, Ryan Rhys"]
[Black "Postny, Evgeny"]
[Result "0-1"]
[WhiteTitle "FM"]
[BlackTitle "GM"]
[WhiteElo "2362"]
[BlackElo "2638"]
[WhiteTeam "Ireland"]
[BlackTeam "Israel"]
[WhiteFideId "2502054"]
[BlackFideId "2804344"]
[EventDate "2012.08.28"]

1. c4 c5 2. g3 Nc6 3. Bg2 g6 4. Nc3 Bg7 5. Nf3 b6 6. d4 cxd4 7. Nb5 Bb7 8. O-O
Rc8 9. Nfxd4 a6 10. Nxc6 Bxc6 11. Na3 Bxg2 12. Kxg2 Qc7 13. f3 h5 14. Bf4 Qc6
15. Rb1 Nf6 16. e4 h4 17. g4 h3+ 18. Kh1 O-O 19. Qd3 d6 20. Rf2 Rfd8 21. Rc1 e6
22. Rfc2 Qa8 23. Bg5 Rd7 24. Nb1 Rdc7 25. Nd2 d5 26. cxd5 Rxc2 27. Rxc2 exd5 28.
e5 Rxc2 29. Qxc2 Qe8 30. Bxf6 Bxf6 31. f4 Qb5 32. Qc8+ Kh7 33. g5 Be7 34. Qxh3+
Kg8 35. Qc8+ Kg7 36. Qc3 Bb4 37. Qd4 Bxd2 38. e6+ Kh7 39. Qf2 fxe6 40. Kg2 Qd3 0-1